Mets 2020 Opening Day Starting Lineup - Statistics

General Stats
  • This quiz has been taken 125 times
  • The average score is 8 of 10
Answer Stats
Position Player % Correct
1B Pete Alonso
100%
P Jacob DeGrom
99%
3B Jeff McNeil
93%
CF Brandon Nimmo
91%
RF Michael Conforto
86%
C Wilson Ramos
82%
SS Amed Rosario
81%
2B Robinson Cano
81%
LF J.D Davis
68%
DH Yoenis Cespedes
54%
No matching quizzes found
Score Distribution
Percent of People with Each Score
Percentile by Number Answered
Your Score History
You have not taken this quiz